Get the Picture: pH Scale Quiz Stats

 Plays Quiz Updated May 1, 2019

Score 0/16 Timer 02:00
1 Play Today
Question Answer Wrong Answers
Grapefuit Acidic
90.4%
Alkaline
5.6%
Tomato Juice Acidic
87%
Alkaline
9.1%
Milk of Magnesia Alkaline
83.3%
Acidic
12.7%
Vinegar Acidic
83%
Alkaline
12.8%
Baking Soda Alkaline
80.7%
Acidic
15.7%
Drinking soda Acidic
73.6%
Alkaline
22.7%
Black Coffee Acidic
72.1%
Alkaline
24.2%
Urine Acidic
69.9%
Alkaline
26.3%
Eggs (fresh) Alkaline
68.1%
Acidic
27.9%
Ammonia Solution Alkaline
66.5%
Acidic
29.6%
Bleach Alkaline
65.3%
Acidic
30.9%
Oven Cleaner Alkaline
64%
Acidic
32.5%
Liquid Drain Cleaner Alkaline
61.8%
Acidic
34.3%
Saliva Acidic
60.2%
Alkaline
36.3%
Sea Water Alkaline
58.3%
Acidic
37.5%
Bananas Acidic
40.8%
Alkaline
55.7%

Today's Daily Dose

Missing Word
Sherlocks

Word Ladder
King of the Hill

Quick Pick
Songs in Pink

Get the Picture
NBA Teammates

You're not logged in!

Compare scores with friends on all Sporcle quizzes.
OR
Log In

Sporcle TV

Today on Sporcle TV


Watch our educational content, quiz creation guides, and fun videos on Sporcle TV.

Show Comments

Extras

Top Quizzes Today


Score Distribution

Your Account Isn't Verified!

In order to create a playlist on Sporcle, you need to verify the email address you used during registration. Go to your Sporcle Settings to finish the process.

Report this User

Report this user for behavior that violates our Community Guidelines.

Details: